Poderosas palabras (Record no. 185569)

MARC details
000 -LEADER
campo de control de longitud fija 00711nam a2200229 i 4500
001 - NÚMERO DE CONTROL
campo de control 185569
003 - IDENTIFICADOR DE NÚMERO DE CONTROL
campo de control SpMaBN
005 - FECHA Y HORA DE LA ÚLTIMA TRANSACCIÓN
campo de control 20230906222452.0
008 - DATOS DE LONGITUD FIJA--INFORMACIÓN GENERAL
campo de control de longitud fija 160718s1996 sp |||| | spa d
020 ## - NÚMERO INTERNACIONAL ESTÁNDAR DEL LIBRO
Número Internacional Estándar del Libro 84-7669-230-7
080 ## - NÚMERO DE LA CLASIFICACIÓN DECIMAL UNIVERSAL
Número de la Clasificación Decimal Universal 22:82
100 1# - ENTRADA PRINCIPAL--NOMBRE DE PERSONA
Nombre de persona Frye, Northrop.
9 (RLIN) 52794
245 10 - MENCIÓN DEL TÍTULO
Título Poderosas palabras
Resto del título : la Biblia y nuestras metáforas /
Mención de responsabilidad, etc. Northrop Frye ; traducido del inglés por Claudio López de Lamadrid.
260 ## - PUBLICACIÓN, DISTRIBUCIÓN, ETC.
Lugar de publicación, distribución, etc. Barcelona :
Nombre del editor, distribuidor, etc. Muchnik,
Fecha de publicación, distribución, etc. [1996]
300 ## - DESCRIPCIÓN FÍSICA
Extensión 420 p. ;
Dimensiones 21 cm.
490 1# - MENCIÓN DE SERIE
Mención de serie Ensayo
500 ## - NOTA GENERAL
Nota general Índices.
650 #7 - PUNTO DE ACCESO ADICIONAL DE MATERIA--TÉRMINO DE MATERIA
Término de materia o nombre geográfico como elemento de entrada Biblia y literatura.
9 (RLIN) 160154
830 0# - PUNTO DE ACCESO ADICIONAL DE SERIE-TÍTULO UNIFORME
Título uniforme Ensayo
9 (RLIN) 177699
852 ## - LOCALIZACIÓN
Ubicación ES-MaACL
Número de control de estantería L-30441
Nota libre . - Donat. Miguel A. Velasco
Holdings
Estatus retirado Estado de pérdida Estado de daño No para préstamo Biblioteca de origen Biblioteca actual Ubicación en estantería Fecha de adquisición Fuente de adquisición Total de préstamos Signatura topográfica completa Código de barras Visto por última vez Precio de reemplazo Tipo de ítem Koha
        Biblioteca del Ateneo de Madrid Biblioteca del Ateneo de Madrid Depósito 2 18/07/2016     L-30441 1195607 23/02/2023 23/02/2023 Libro impreso